Warstwy azotku węgla otrzymywane metodami rozpylania magnetronowego i katodowego odparowania łukowego / (Rekord nr 9397)
| 000 -ETYKIETA REKORDU | |
|---|---|
| podpole kontrolne o stałej długości | 01428naa a2200205 i 4500 |
| 001 - NUMER KONTROLNY REKORDU | |
| podpole kontrolne | 9397 |
| 003 - IDENTYFIKATOR NUMERU KONTROLNEGO REKORDU | |
| podpole kontrolne | KOSZ 005 |
| 005 - DATA OSTATNIEJ MODYFIKACJI REKORDU | |
| podpole kontrolne | 20180509083917.0 |
| 008 - POLE O STAŁEJ DŁUGOŚCI - DANE KONTROLNE | |
| podpole kontrolne o stałej długości | 140512s1996 pl f |000 0 pol |
| 040 ## - ŹRÓDŁO KATALOGOWANIA | |
| Instytucja, która utworzyła rekord | BPK |
| Instytucja, która dokonała modyfikacji | KOSZ 005/EG |
| 100 1# - NAZWA OSOBOWA | |
| Nazwa osobowa | CZYŻNIEWSKI, Andrzej. |
| Lata pracy | 1996 - . |
| Instytucja | Politechnika Koszalińska - Wydział Mechaniczny, |
| Wydział | Katedra Inżynierii Materiałowej |
| 245 10 - TYTUŁ/ODPOWIEDZIALNOŚĆ | |
| Tytuł | Warstwy azotku węgla otrzymywane metodami rozpylania magnetronowego i katodowego odparowania łukowego / |
| Pozostałe elementy strefy tytułu i oznaczenia odpowiedzialności | A. Czyżniewski, P. Myśliński, M. Pancielejko, W. Precht, W. Walkowiak. |
| 655 #0 - TERMIN INDEKSOWY - OKREŚLENIE RODZAJU/FORMY DOKUMENTU | |
| Określnie rodzaju/formy dokumentu | Materiały konferencyjne. |
| 700 1# - HASŁO DODATKOWE - NAZWA OSOBOWA | |
| Nazwa osobowa | MYŚLIŃSKI, Piotr. |
| Lata pracy | 1996 - . |
| Instytucja | Politechnika Koszalińska - Instytut Mechatroniki, Nanotechnologii i Techniki Próżniowej, |
| Wydział | Zakład Projektowania Materiałów i Procesów |
| 700 1# - HASŁO DODATKOWE - NAZWA OSOBOWA | |
| Nazwa osobowa | PANCIELEJKO, Mieczysław. |
| Lata pracy | 1996 - . |
| Instytucja | Politechnika Koszalińska - Wydział Mechaniczny, |
| Wydział | Katedra Inżynierii Materiałowej |
| 700 1# - HASŁO DODATKOWE - NAZWA OSOBOWA | |
| Nazwa osobowa | PRECHT, Witold. |
| Lata pracy | 1996 - 2003. |
| Instytucja | Politechnika Koszalińska - Wydział Mechaniczny, |
| Wydział | Katedra Inżynierii Materiałowej |
| 700 1# - HASŁO DODATKOWE - NAZWA OSOBOWA | |
| Nazwa osobowa | WALKOWIAK, Wiesław. |
| Lata pracy | 1996 - . |
| Instytucja | Politechnika Koszalińska - Wydział Mechaniczny, |
| Wydział | Katedra Inżynierii Materiałowej |
| 773 0# - TYTUŁ DOKUMENTU MACIERZYSTEGO | |
| Wyrażenie wprowadzające | W : |
| Tytuł | Materiały III Ogólnopolskiej Konferencji Naukowej "Obróbka Powierzchniowa", Częstochowa-Kule. - |
| Adres wydawniczy | Częstochowa : Wydaw. Uczelniane Politechniki Częstochowskiej, 1996. - |
| Informacje dotyczące relacji | s. 406-413 |
| 942 ## - HASŁO DODATKOWE - ELEMENTY(KOHA) | |
| Typ dokumentu | Rozdział |
| Schemat klasyfikacji | Uniwersalna klasyfikacja dziesiętna |
Brak dostępnych egzemplarzy.
